000 00847nam a2200217 a 4500
005 20140412111238.0
008 001111s19uu xx 00 eng d
020 _a0-916-392-06-6
050 _aREF 303.3
_bJ63 1976
100 _aJohnson, Spencer
245 _aThe Value of believing in yourself :
_bthe story of Louis Pasteur /
_cSpences Johnson ; illustrated by Steve Pillegi.
260 _aLa Jolla, CA :
_bValue Comm., Inc. Pub,
_c1976.
300 _a63 p. ; col. ; ill.
440 _aA Value Tale Series
520 _aRetells the story of Louis Pasteur, whose unwavering belief in the concept of germs led to a cure for rabies.
650 _aPasteur, Louis, 1822-1895
650 _aScientists
650 _aSelf-reliance
_xJuvenile literature
650 _aBacteriologists -- France
_xBiography
_xJuvenile literature
999 _c102555
_d102555